00321nam a2200121Ia 4500008004100000041000800041082001200049100002100061245004500082260003400127300003100161365000700192240624s9999 xx 000 0 und d aeng a828 MLO aMLODINOW LEONARD aFEYNMAN S RAINBOW A SEARCH FOR BEAUTY IN c2003aNew YorkbVintage Books axiv, : 171 : p. : cm. ; 20 cRS